000 01516cam a2200457 4500
999 _c24028
_d24028
001 vtls012195627
005 20251106070511.0
008 230210s2022 xo g f 000 0 slo
020 _a9788080712570
_q(viazané)
040 _aSNK
_bslo
_cSNK
_erda
041 0 _aslo
044 _axo
_cSK
072 7 _a17
_xEtika. Morálna filozofia
_2konspekt
072 7 _a394
_xVerejný a spoločenský život. Každodenný život
_2konspekt
080 _a17.02
_22011
080 _a821 (100)-9
_21997
080 _a159.923.5
_22011
080 _a(0:82-32)
_22011
080 _a(0:82-84)
_22011
080 _a316.728
_22011
245 0 0 _aO kráse človeka
_b15 povzbudzujúcich kapitol zo života
_cspracovala Marcela Bieliková
264 1 _aVrútky
_bAdvent-Orion, s.r.o.
_c2022
300 _a265 strán
_c22 cm
336 _atext
_btxt
_2rdacontent
337 _abez média
_bn
_2rdamedia
338 _azväzok
_bnc
_2rdacarrier
490 1 _aPrameň
650 0 7 _aživotná múdrosť
_2SNKPH
_91966
650 0 7 _aživotná harmónia
_2SNKPH
_92735
650 0 7 _asebavýchova
_2SNKPH
_91949
650 0 7 _azmysel života
_2SNKPH
_93243
650 0 7 _aLife wisdom
_2SNKPHeng
_91968
650 0 7 _aHarmony of life
_2SNKPHeng
_92737
650 0 7 _aSelf-culture
_2SNKPHeng
_91953
650 0 7 _aSense of life
_2SNKPHeng
_95250
655 7 _apríbehy
_2SNKPH
_92455
655 7 _acitáty
_2SNKPH
_95073
655 7 _aStories
_2SNKPHeng
_91706
655 7 _aQuotations
_2SNKPHeng
_95251
700 1 _aBieliková, Marcela
_4com
_95252